| 000 | 00579nam a2200193Ia 4500 | ||
|---|---|---|---|
| 005 | 20250508164930.0 | ||
| 008 | 008 250505s9999 xx 000 0 hin d | ||
| 037 | _aDissertations | ||
| 040 |
_aFEDL _beng _cFEDL |
||
| 041 |
_ahin _2eng |
||
| 084 |
_a370.193 48, ARO/DI _qFEDL |
||
| 100 | _aArora Pankaj | ||
| 245 | 0 | _aSehri-slum ke chattro ki sheshik-samasyaon evam unke nirakaran ka addhyan | |
| 260 | _c1994 | ||
| 300 | _a145p. | ||
| 546 | _aM. Ed. Dissertation (Delhi University) | ||
| 942 |
_cDIS _h370.193 48, ARO/DI |
||
| 999 |
_c1392112 _d1392112 |
||